WWE World Champions after WrestleManias - Statistics

General Stats
  • This quiz has been taken 182 times
    158 since last reset
  • The average score is 53 of 58
Answer Stats
Hint Answer % Correct
WrestleMania 21: WWE Championship John Cena
98%
WrestleMania 22: WWE Championship John Cena
98%
WrestleMania 23: WWE Championship John Cena
98%
WrestleMania 25: World Heavyweight Championship John Cena
98%
WrestleMania 26: WWE Championship John Cena
98%
WrestleMania 29: WWE Championship John Cena
98%
WrestleMania 13: WWF Championship The Undertaker
98%
WrestleMania 23: World Heavyweight Championship The Undertaker
98%
WrestleMania 24: World Heavyweight Championship The Undertaker
98%
WrestleMania 1: WWF Championship Hulk Hogan
97%
WrestleMania 2: WWF Championship Hulk Hogan
97%
WrestleMania 3: WWF Championship Hulk Hogan
97%
WrestleMania 5: WWF Championship Hulk Hogan
97%
WrestleMania 7: WWF Championship Hulk Hogan
97%
WrestleMania 9: WWF Championship Hulk Hogan
97%
WrestleMania 31: WWE World Heavyweight Championship Seth Rollins
97%
WrestleMania 35: WWE Universal Championship Seth Rollins
97%
WrestleMania 19: WWE Championship Brock Lesnar
96%
WrestleMania 33: WWE Universal Championship Brock Lesnar
96%
WrestleMania 34: WWE Universal Championship Brock Lesnar
96%
WrestleMania 27: World Heavyweight Championship Edge
95%
WrestleMania 32: WWE World Heavyweight Championship Roman Reigns
95%
WrestleMania 37: WWE Universal Championship Roman Reigns
95%
WrestleMania 38: WWE Championship Roman Reigns
95%
WrestleMania 38: WWE Universal Championship Roman Reigns
95%
WrestleMania 24: WWE Championship Randy Orton
94%
WrestleMania 33: WWE Championship Randy Orton
94%
WrestleMania 12: WWF Championship Shawn Michaels
94%
WrestleMania 16: WWF Championship Triple H
94%
WrestleMania 18: WWF Undisputed Championship Triple H
94%
WrestleMania 19: World Heavyweight Championship Triple H
94%
WrestleMania 25: WWE Championship Triple H
94%
WrestleMania 28: WWE Championship CM Punk
92%
WrestleMania 30: WWE World Heavyweight Championship Daniel Bryan
91%
WrestleMania 14: WWF Championship Steve Austin
90%
WrestleMania 15: WWF Championship Steve Austin
90%
WrestleMania 17: WWF Championship Steve Austin
90%
WrestleMania 23: ECW Championship Bobby Lashley
89%
WrestleMania 37: WWE Championship Bobby Lashley
89%
WrestleMania 10: WWF Championship Bret Hart
89%
WrestleMania 20: World Heavyweight Championship Chris Benoit
89%
WrestleMania 21: World Heavyweight Championship Batista
88%
WrestleMania 27: WWE Championship The Miz
86%
WrestleMania 36: WWE Universal Championship Braun Strowman
85%
WrestleMania 36: WWE Championship Drew McIntyre
85%
WrestleMania 24: ECW Championship Kane
85%
WrestleMania 28: World Heavyweight Championship Sheamus
84%
WrestleMania 4: WWF Championship Randy Savage
83%
WrestleMania 8: WWF Championship Randy Savage
83%
WrestleMania 29: World Heavyweight Championship Alberto Del Rio
82%
WrestleMania 35: WWE Championship Kofi Kingston
82%
WrestleMania 22: World Heavyweight Championship Rey Mysterio
82%
WrestleMania 34: WWE Championship AJ Styles
81%
WrestleMania 20: WWE Championship Eddie Guerrero
81%
WrestleMania 6: WWF Championship The Ultimate Warrior
81%
WrestleMania 26: World Heavyweight Championship Chris Jericho
80%
WrestleMania 11: WWF Championship Diesel
66%
WrestleMania 25: ECW Championship Jack Swagger
51%
No matching quizzes found
Score Distribution
Percent of People with Each Score
Percentile by Number Answered
Your Score History
You have not taken this quiz since the last reset